Normal view
MARC view
Entry Personal Name
001 - CONTROL NUMBER
- control field: 52584
003 - CONTROL NUMBER IDENTIFIER
- control field: OSt
005 - DATE AND TIME OF LATEST TRANSACTION
- control field: 20250505112404.0
008 - FIXED-LENGTH DATA ELEMENTS
- fixed length control field: 250505|| aca||aabn | a|a d
040 ## - CATALOGING SOURCE
- Original cataloging agency: OSt
- Transcribing agency: OSt
100 ## - HEADING--PERSONAL NAME
- Personal name: Guo, Jiye Alvarez, Daniel Del Barrio Yoan, Jingeng and Kato, hironori
670 ## - SOURCE DATA FOUND
- Source citation: Work cat.: (OSt): Guo, Jiye Alvarez, Daniel Del Barrio Yoan, Jingeng and Kato, hironori , Determinants of the formation process in public-private partnership projects in developing countries: Evidence from China
